00000000nam##2200000za#4500
0019.573348
003CaOODSP
00520210624183648
007cr |||||||||||
008150406|1991||||xxc|||||o    f|0| 0 eng|d
040 |aCaOODSP|beng
043 |an-cn---
0861 |aSC94-55/1991E-PDF
1101 |aCanada.|bCanadian Centre for Management Development.
24510|aHow to create superior briefings / |h[electronic resource]|c[by] Roderick G. Quiney.
260 |aOttawa - Ontario : |bCanadian Centre for Management Development |cMarch, 1992.
300 |a18p.
4901 |aManagement practices|vNo. 1
590 |a12-16-Supp|b2012-04-17
69007|aManagement|2gcpds
69007|aPublic administration|2gcpds
69007|aPublic service|2gcpds
7201 |aQuiney, Roderick G.
77508|tComment préparer et présenter des séances et des cahiers d'information de qualité supérieure / |w(CaOODSP)9.603529
830#0|aManagement practices ;|vNo. 1|w(CaOODSP)9.506783
85640|ahttp://publications.gc.ca|qPDF|s506 KB|uhttps://publications.gc.ca/collections/Collection/SC94-55-1991E.pdf|yNo. 1